|
|
|
|
| LEADER |
00000nas a2200000 a 4500 |
| 001 |
ssj0025314 |
| 003 |
WaSeSS |
| 005 |
20200512172242.0 |
| 006 |
m d |
| 007 |
cr n |
| 008 |
040202c19899999enkmr pss 0 a0eng c |
| 010 |
|
|
|a 2004700013
|
| 015 |
|
|
|a GBB404878
|2 bnb
|
| 016 |
7 |
|
|a 2147136-8
|2 DE-600
|
| 016 |
7 |
|
|a 012921055
|2 Uk
|
| 022 |
|
|
|a 1741-203X
|l 1041-6102
|y 1041-6102
|
| 030 |
|
|
|a INPSE8
|
| 035 |
|
|
|a (WaSeSS)ssj0025314
|
| 040 |
|
|
|a OUN
|b eng
|e pn
|c OUN
|d PIT
|d OCL
|d OCLCQ
|d OCL
|d OCLCQ
|d CCO
|d OCLCQ
|d BUF
|d DEBBG
|d OCLCQ
|d OCLCF
|d OCLCQ
|d DGU
|d OCLCO
|d OCLCQ
|d OCLCO
|d OCLCA
|d U3W
|d OCLCO
|d OCLCA
|d AU@
|d OCLCO
|d WYU
|d OCLCO
|d UKMGB
|d OCLCA
|d VT2
|d OCLCO
|d OCLCA
|d DLC
|d WaSeSS
|
| 042 |
|
|
|a pcc
|
| 050 |
0 |
0 |
|a RC451.4.A5
|
| 060 |
0 |
0 |
|a W1
|b IN827VL
|
| 082 |
0 |
4 |
|a 618.97689
|
| 130 |
0 |
|
|a International psychogeriatrics (Online)
|
| 245 |
1 |
0 |
|a International psychogeriatrics
|h [electronic resource].
|
| 260 |
|
|
|3 2004- :
|a Cambridge, UK :
|b Cambridge University Press
|
| 260 |
|
|
|3 spring 1989-2003 :
|a New York :
|b Springer Pub. Co.,
|c ©1989-
|
| 310 |
|
|
|a Monthly,
|b 2012-
|
| 321 |
|
|
|a Semiannual,
|b 1989-1994
|
| 321 |
|
|
|a Quarterly,
|b 1995-2011
|
| 362 |
0 |
|
|a Vol. 1, issue 01 (Mar. 1989)-
|
| 500 |
|
|
|a Title from issue table of contents (publisher's Web site PDF, viewed May 10, 2004).
|
| 506 |
|
|
|a License restrictions may limit access.
|
| 525 |
|
|
|a Vols. for 1995- have supplements.
|
| 538 |
|
|
|a Mode of access: World Wide Web.
|
| 550 |
|
|
|a The official journal of the International Psychogeriatric Association.
|
| 588 |
|
|
|a Latest issue consulted: Vol. 32, issue 4 (Apr. 2020) (Cambridge Journals, viewed Apr. 22, 2020).
|
| 650 |
|
0 |
|a Geriatric psychiatry
|v Periodicals.
|
| 650 |
|
7 |
|a Geriatric psychiatry.
|2 fast
|0 (OCoLC)fst00941248
|
| 650 |
|
2 |
|a Geriatric Psychiatry
|v Periodicals.
|
| 650 |
|
2 |
|a Mental Disorders
|v Periodicals.
|
| 650 |
2 |
2 |
|a Aged.
|
| 655 |
|
0 |
|a Electronic journals.
|
| 710 |
2 |
|
|a International Psychogeriatric Association.
|
| 776 |
0 |
8 |
|i Print version:
|t International psychogeriatrics
|x 1041-6102
|w (DLC)sf 93091559
|w (OCoLC)18810324
|
| 850 |
|
|
|a DLC
|
| 856 |
4 |
0 |
|z Full text available from Research Library: 03/01/1990 to 1 year ago
|u https://search.proquest.com/publication/31252
|